000
00237nam a2200097Ia 4500
001
735478
005
20250826163853.0
008
250824s9999 xx 000 0 und d
245
0
_a
KIZIM NERDESİN ?
_c
AYTÜL AKAL
260
_b
TUDEM YAYINLARI
999
_c
735478
_d
735478